<?xml version="1.0" encoding="UTF-8"?>
<collection xmlns="http://www.loc.gov/MARC21/slim">
 <record>
  <leader>01539nam a22002175a 4500</leader>
  <controlfield tag="001">CEM.cems001672</controlfield>
  <controlfield tag="005">20100907113119.0</controlfield>
  <controlfield tag="008">130507s1972##################000#0#####d</controlfield>
  <controlfield tag="003">CEMS</controlfield>
  <datafield tag="082" ind1="0" ind2="4">
   <subfield code="a">A868.4</subfield>
  </datafield>
  <datafield tag="100" ind1="1" ind2=" ">
   <subfield code="a">Cicco, Juan</subfield>
  </datafield>
  <datafield tag="245" ind1="1" ind2="0">
   <subfield code="a">Veinte cuentos humoristicos argentinos /</subfield>
   <subfield code="c">Selección y Prólogo de Juan Cicco</subfield>
  </datafield>
  <datafield tag="260" ind1=" " ind2=" ">
   <subfield code="a">Buenos Aires :</subfield>
   <subfield code="b">Huemul,</subfield>
   <subfield code="c">1972</subfield>
  </datafield>
  <datafield tag="300" ind1=" " ind2=" ">
   <subfield code="a">229 p.</subfield>
  </datafield>
  <datafield tag="505" ind1="0" ind2=" ">
   <subfield code="a">El Vesubio (volcán en actividad) / Bartolome Mitre y Vedia -- Don Polidoro (retrato de muchos) / Lucio V. López -- El hombre que hacía llover / Godofredo Daireaux -- Las etcéteras / José S. Alvarez [Fray Mocho] -- Justicia salomónica / Roberto J. Payró -- Prosas de mareo / Macedonio Fernández -- La casa solariega / Mateo Booz -- El dueño del incendio / Guillermo Guerrero Estrella -- El rebelde inofensivo / Enrique Loncán -- Las últimas hamadriades / Arturo Cancela -- Aprendizaje de la perfecta humildad / Enrique Méndez Calzada -- Ferrocarril o General Gutiérrez / Conrado Nalé Roxlo -- Los ociosos / Honorio Bustos Domecq -- Pequeños propietarios / Roberto Arlt -- Varidio / Manuel Peyrou -- Diálogo de las armas y las letras / Ignacio B. Anzoátegui -- El calamar opta por su tinta / Adolfo Bioy Casares -- Simulacros / Julio Cortázar -- Visión profana de la fiesta ganadera / Luis J. Medrano</subfield>
  </datafield>
  <datafield tag="653" ind1=" " ind2=" ">
   <subfield code="a">Literatura</subfield>
  </datafield>
  <datafield tag="653" ind1=" " ind2=" ">
   <subfield code="a">Antología literaria</subfield>
  </datafield>
  <datafield tag="653" ind1=" " ind2=" ">
   <subfield code="a">Cuentos</subfield>
  </datafield>
  <datafield tag="653" ind1=" " ind2=" ">
   <subfield code="a">Cuentos humorísticos</subfield>
  </datafield>
  <datafield tag="653" ind1=" " ind2=" ">
   <subfield code="a">Literatura argentina</subfield>
  </datafield>
  <datafield tag="859" ind1=" " ind2=" ">
   <subfield code="a">CEMS</subfield>
   <subfield code="b">BIB. CEMS - 11 de abril</subfield>
   <subfield code="h">A868.4</subfield>
   <subfield code="i">C484</subfield>
   <subfield code="p">14346.86</subfield>
   <subfield code="t">Ej.1</subfield>
  </datafield>
 </record>
</collection>
